PROYECTO DE AVES PONEDORAS MUJERES POQOMCHI'S Y SU IMPACTO SOCIAL/ (Registro nro. 2682)

Detalles MARC
000 -LEADER
campo de control de longitud fija 03364nam a22003257a 4500
001 - NÚMERO DE CONTROL
campo de control TTS 0002
003 - IDENTIFICADOR DE NÚMERO DE CONTROL
campo de control gtcocun
005 - FECHA Y HORA DE LA ÚLTIMA TRANSACCIÓN
campo de control 20260225184703.0
006 - CÓDIGOS DE INFORMACIÓN DE LONGITUD FIJA--CARACTERÍSTICAS DEL MATERIAL ADICIONAL
campo de control de longitud fija a|||||r|||| 00| 0
007 - CAMPO FIJO DE DESCRIPCIÓN FÍSICA--INFORMACIÓN GENERAL
campo de control de longitud fija ta
008 - DATOS DE LONGITUD FIJA--INFORMACIÓN GENERAL
campo de control de longitud fija 260225b gt ||||| |||| 00| 0 spa d
040 ## - FUENTE DE CATALOGACIÓN
Centro catalogador/agencia de origen gtcocun
Lengua de catalogación SPA
Centro/agencia transcriptor gtcocun
Normas de descripción RDA
041 ## - CÓDIGO DE IDIOMA
Código de lengua del texto/banda sonora o título independiente SPA TTS 0002
084 ## - OTRO NÚMERO DE CLASIFICACIÓN
Número de control del registro de autoridad o número normalizado TTS 0002
100 ## - ENTRADA PRINCIPAL--NOMBRE DE PERSONA
Nombre de persona Sommer Buenafe, Finner Lisbeth
Término indicativo de función/relación Autor
245 ## - MENCIÓN DEL TÍTULO
Título PROYECTO DE AVES PONEDORAS MUJERES POQOMCHI'S Y SU IMPACTO SOCIAL/
Mención de responsabilidad, etc. Finner Lisbeth Sommer Buenafe.
Medio Impreso
264 ## - PRODUCCIÓN, PUBLICACIÓN, DISTRIBUCIÓN, FABRICACIÓN Y COPYRIGHT
Producción, publicación, distribución, fabricación y copyright Cobán, Alta Verapaz:
Nombre del de productor, editor, distribuidor, fabricante Universidad de San Carlos de Guatemala, Centro Universitario del Norte, Carrera de Trabajo Social
Fecha de producción, publicación, distribución, fabricación o copyright 2003
300 ## - DESCRIPCIÓN FÍSICA
Extensión 67 p.:
Otras características físicas Ilustraciones, gráficas.
Dimensiones 28 cm;
300 ## - DESCRIPCIÓN FÍSICA
Dimensiones PDF
336 ## - TIPO DE CONTENIDO
Fuente rdacontenido
Término de tipo de contenido Texto
Código de tipo de contenido txt
337 ## - TIPO DE MEDIO
Fuente rdamedio
Nombre/término del tipo de medio Computadora
Código del tipo de medio n
338 ## - TIPO DE SOPORTE
Fuente rdasoporte
Nombre/término del tipo de soporte Código en línea
Código del tipo de soporte cr
502 ## - NOTA DE TESIS
Nota de tesis Tesis de grado
Tipo de título Licenciatura en Trabajo Social
Nombre de la institución que otorga el título Universidad de San Carlos de Guatemala, Centro Universitario del Norte, Licenciatura en Trabajo Social
Año de obtención del título 2003
Identificador de la tesis TTS 0002
identificador de la tesis TTS 0002
520 14 - RESUMEN, ETC.
Sumario, etc. La presente tesis de licenciatura en Trabajo Social es el producto de la evaluación ex post del proyecto de Aves Ponedoras ejecutado por el Proyecto ALA durante el periodo comprendido de mayo 2,001 a abril 2,002, en nueve comunidades del área poqomchí: Najquitob (Santa Cruz) Chituj, Mexabaj, Pampajché (San Cristóbal) Agua Fría, Chiallí, Chijuljá (Tactic) Nahchuwa y Cabiljá (Tamahú), con la participación de 90 mujeres.<br/><br/> Dicho trabajo fue orientado por un diseño de evaluación previamente elaborado, que cumplió con los requisitos académicos exigidos por el Centro Universitario del Norte.<br/><br/> Los resultados de la evaluación revelaron que el proyecto de aves ponedoras alcanzó sus objetivos en un 90%, lo que evidencia que hubo impacto positivo en las beneficiarias y su grupo familiar.<br/><br/> Se determinaron cambios cualitativos tales como: el consumo de proteína animal fresca, adquisición de conocimientos y habilidades sobre el manejo y sanidad de aves ponedoras, valentía para expresarse ante otras mujeres, descubrir la capacidad de liderazgo en algunas mujeres, iniciación de trabajo en grupo y el desempeño de roles al interior de los comités; aspectos que incidieron en el crecimiento y valoración personal de las beneficiarias.<br/><br/> En el impacto cuantitativo destaca que el 74% de las beneficiarias, con su grupo familiar mejoraron su nutrición incrementando el consumo de huevos a la semana. <br/><br/> Entre las debilidades del proyecto se encontraron: La falta de fortalecimiento organizativo y administrativo a los comités pecuarios, que permitiera convertirlas en organizaciones sostenibles; el haber tomado a las beneficiarias solamente como ejecutoras; la ausencia de indicadores iniciales e intermedios, que permitieran medir con exactitud el impacto cuantitativo del proyecto.<br/>
650 14 - PUNTO DE ACCESO ADICIONAL DE MATERIA--TÉRMINO DE MATERIA
Fuente del encabezamiento o término LEMB
Subdivisión general Trabajo Social
-- Aves ponedoras
-- Mujeres
-- Evaluación
-- Proyecto de aves ponedoras
-- Grupo familiar
700 ## - ENTRADA AGREGADA--NOMBRE PERSONAL
Nombre de persona Licda. T.S. Guadalupe Barreno De Bravo
Término indicativo de función/relación Asesor
856 ## - LOCALIZACIÓN Y ACCESO ELECTRÓNICOS
Identificador Uniforme de Recurso <a href="https://drive.google.com/file/d/1S3fcuqMzFq8gap_0xjqRxonqxxoxi-hs/view">https://drive.google.com/file/d/1S3fcuqMzFq8gap_0xjqRxonqxxoxi-hs/view</a>
Texto de enlace PDF
Nota pública Un ejemplar en línea.
942 ## - ELEMENTOS DE ENTRADA SECUNDARIOS (KOHA)
Fuente de la clasificación o esquema de estantería Clasificación Decimal Dewey
Tipo de ítem Koha TESIS
Parte de la signatura que identifica el ejemplar (Parte del ítem) TTS 0002
Prefijo de la signatura Clasificación
Suprimir en OPAC No
-- TTS_0002_000000000000000
Existencias
Estatus retirado Estado de pérdida Fuente de la clasificación o esquema de estantería Estado de daño No para préstamo Colección Biblioteca de origen Biblioteca actual Ubicación en estantería Fecha de adquisición Número de inventario Total de préstamos Signatura topográfica completa Código de barras Visto por última vez Precio de reemplazo Tipo de ítem Koha
    Clasificación Decimal Dewey     tesis BIBLIOTECA- CUNOR -JOSÉ LUIS GONZALES ROSALES BIBLIOTECA- CUNOR -JOSÉ LUIS GONZALES ROSALES Colección tesis 25/02/2026 TTS 0002   TTS 0002 TTS 0002 25/02/2026 25/02/2026 TESIS